| 000 | 00424pam a2200157 a 4500 | ||
|---|---|---|---|
| 020 |
_a9780198853435 _c |
||
| 041 | _aeng | ||
| 082 |
_a616 _bFIR |
||
| 100 | _aFIRTH J.D., CONLOL C.P. , COX T.M. . . | ||
| 245 |
_aOXPORD TEXTBOOK OF MEDICINE : VAL.4 SECTION 22-30 _hTextual Documents |
||
| 250 | _a6. | ||
| 260 |
_bOXFORD UNIVERSITY PRESS _c2020 |
||
| 300 |
_a6654: _bLXVI+ _eHB. |
||
| 930 | _a9143 | ||
| 999 |
_c803670 _d803670 |
||
| 650 | _aGEN.MEDICINE | ||